Audit marketing d'une entreprise choisie diplomová práca

Saved in:
Bibliographic Details
Main Author: Bajtošová, Barbora
Corporate Author: Obchodná fakulta EU. Katedra marketingu
Other Authors: Kita, Jaroslav
Format: Book
Language:French
Published: Bratislava 2018
Tags: Add Tag
No Tags, Be the first to tag this record!

MARC

LEADER 00000nbm a2200000 4500
001 0243400
005 20190227142946.3
041 0 |a fre 
044 |a SK 
245 1 0 |a Audit marketing d'une entreprise choisie  |b diplomová práca  |c Barbora Bajtošová ; školiteľ: Jaroslav Kita 
264 1 |a Bratislava  |c 2018 
300 |a 63 s. 
100 1 |a Bajtošová, Barbora 
700 1 |a Kita, Jaroslav 
710 2 |a Obchodná fakulta EU. Katedra marketingu